A Text Book Of Machine Design/ (Record no. 2838)
[ view plain ]
| 000 -LEADER | |
|---|---|
| fixed length control field | 01237nac a22002291u 4500 |
| 008 - FIXED-LENGTH DATA ELEMENTS--GENERAL INFORMATION | |
| fixed length control field | 090127t2006 xxu||||| |||| 00| 0 eng d |
| 022 ## - INTERNATIONAL STANDARD SERIAL NUMBER | |
| International Standard Serial Number | 817008833X |
| 082 ## - DEWEY DECIMAL CLASSIFICATION NUMBER | |
| Classification number | 621.81505 |
| Item number | KAR |
| 100 ## - MAIN ENTRY--PERSONAL NAME | |
| Personal name | Karwa ,Rajendra. |
| 245 ## - TITLE STATEMENT | |
| Title | A Text Book Of Machine Design/ |
| Statement of responsibility, etc | Rajendra Karwa. |
| 250 ## - EDITION STATEMENT | |
| Edition statement | 2nd edition. |
| 260 ## - PUBLICATION, DISTRIBUTION, ETC. (IMPRINT) | |
| Place of publication, distribution, etc | New Delhi ; |
| Name of publisher, distributor, etc | Laxmi Publication(P) ltd : |
| Date of publication, distribution, etc | c2006. |
| 300 ## - PHYSICAL DESCRIPTION | |
| Extent | 751p.: |
| Other physical details | ill; |
| Dimensions | 25cm. |
| 500 ## - GENERAL NOTE | |
| General note | (for undergraduate courses of Mechanical Engineering, AMIE section B& competitive examinations) |
| 504 ## - BIBLIOGRAPHY, ETC. NOTE | |
| Bibliography, etc | Includes Index. |
| 650 ## - SUBJECT ADDED ENTRY--TOPICAL TERM | |
| Topical term or geographic name as entry element | Machinery. |
| 650 ## - SUBJECT ADDED ENTRY--TOPICAL TERM | |
| Topical term or geographic name as entry element | Machinery--Engineering. |
| 942 ## - ADDED ENTRY ELEMENTS (KOHA) | |
| Item type | Book - Borrowing |
| Call number prefix | 621.81505KAR |
| Source of classification or shelving scheme | Dewey Decimal Classification |
| Withdrawn status | Item status | Source of classification or shelving scheme | Damaged status | Not for loan | Vendor | Home library | Current library | Shelving location | Date acquired | Total Checkouts | Total Renewals | Full call number | Barcode | Date last seen | Date last borrowed | Koha item type | Source of acquisition | Cost, normal purchase price | Serial Enumeration / chronology |
|---|---|---|---|---|---|---|---|---|---|---|---|---|---|---|---|---|---|---|---|
| Dewey Decimal Classification | Alahram | Central Library | Central Library | First floor | 07/03/2007 | 3 | 39 | 621.81505 KAR | 000001332 | 15/07/2025 | 12/03/2012 | Book - Borrowing | |||||||
| Dewey Decimal Classification | Alahram | Central Library | Central Library | First floor | 27/01/2009 | 4 | 10 | 621.81505 KAR | 000014333 | 15/07/2025 | 16/10/2016 | NB - Book (Non borrowing) | Purchase | 120.00 | 06456 | ||||
| Dewey Decimal Classification | Alahram | Central Library | Central Library | First floor | 11/02/2009 | 621.81505 KAR | 000014783 | 15/07/2025 | NB - Book (Non borrowing) | 120.00 | 6471 |